000 00423nam a2200181Ia 4500
008 151018s9999 xx 000 0 und d
082 _bRBASDV14083
_a823
100 _aE. S. Gardner
245 _aPhantom Fortane
250 _b1
260 _bGuilt Book
_c1953
300 _a197
600 _aE. S. Gardner
630 _aPhantom Fortane
700 _aE. S. Gardner
730 _aPhantom Fortane
942 _cBOOK
999 _c1015491
_d1015488